Statistics for Southern Africa Map Quiz

Click here to take the quiz!

General Stats

  • This quiz has been taken 485 times
  • The average score is 11 of 14

Answers on the Map

Answers color-coded by a green-red scale on the quiz's map according to % correct below.
Loading ...
 

Answer Stats

Answer% Correct
South Africa
94%
Madagascar
90%
Mozambique
83%
Angola
82%
Lesotho
81%
Malawi
80%
Namibia
79%
Zambia
78%
Zimbabwe
77%
Mauritius
77%
Botswana
76%
Comoros
73%
Seychelles
72%
Eswatini
71%

Score Distribution

Percentile by Number Answered

Percent of People with Each Score

Your Score History

You have not taken this quiz